[Event "Enghien les Bains 4th"]
[Site "Enghien les Bains"]
[Date "2001.04.14"]
[Round "4"]
[White "Grischuk, Alexander"]
[Black "Bacrot, Etienne"]
[Result "0-1"]
[WhiteElo "2668"]
[BlackElo "2627"]
[Annotator "Ftacnik,L"]
[PlyCount "112"]
[EventDate "2001.04.11"]
[EventType "tourn"]
[EventRounds "9"]
[EventCountry "FRA"]
[EventCategory "17"]
[SourceTitle "CBM 083"]
[Source "ChessBase"]
[SourceDate "2001.07.05"]
[SourceVersion "1"]
[SourceVersionDate "2001.07.05"]
[SourceQuality "1"]

1. e4 e5 2. Nf3 Nc6 3. Bb5 a6 4. Ba4 Nf6 5. O-O Be7 6. Re1 b5 7. Bb3 d6 8. c3
O-O 9. h3 Bb7 10. d4 Re8 11. Ng5 Rf8 12. Nf3 Re8 13. Nbd2 Bf8 14. a4 h6 15. Bc2
exd4 16. cxd4 Nb4 17. Bb1 c5 18. d5 Nd7 19. Ra3 f5 20. Nh2 Nf6 21. Rg3 Qe7 $5 {
Bacrot is not afraid to look stright into the head of the gun, the queen is
preparing to help in the defense of the kingside and at the same time exerts
pressure along the e file.} (21... Kh8 22. b3 (22. Nhf3 fxe4 23. Nh4 Bxd5 24.
Ng6+ Kg8 25. Nf1 Ra7 26. Ne3 Be6 27. Ng4 Nxg4 28. hxg4 Bf7 29. Nxf8 Kxf8 30. g5
{Smirnov,P-Svirin,O/RUS-Team Smolensk/2000/ (40) 1-0}) 22... fxe4 23. Nxe4 Bxd5
24. Nxf6 Qxf6 25. Bd2 Rxe1+ 26. Bxe1 Qe6 27. Re3 {Topalov,V-Almasi,Z/
Amber-blind 10th/2001/ (37) 1-0}) (21... Qd7 22. b3 Qf7 (22... fxe4 23. Nxe4
Nbxd5 24. Ng4 Nxg4 25. hxg4 Nf6 26. Nxf6+ gxf6 27. Bg6 Rxe1+ 28. Qxe1 Bd5 29.
Rh3 Bf7 {Pavlovic,M-Gligoric,S/JUG-ch Belgrade/1999/ (57) 0,5}) 23. Bb2 Rad8
24. Kf1 Kh8 25. exf5 Rxe1+ 26. Qxe1 Re8 27. Qc1 Nbxd5 28. axb5 axb5 29. Ng4 {
Bashkov,V-Szymczak,Z/Karvina op/1992/ (41) 1-0}) 22. Rf3 $6 (22. Rge3 Qf7 $5)
22... Bxd5 $1 23. Rxf5 (23. Rfe3 fxe4 $15) 23... Bf7 24. Ndf3 (24. Rf3 $5 d5 (
24... Nc6 25. Rfe3 g5 26. Nhf3 Bg7 $13) 25. e5 Nd7 26. e6 $1 Bxe6 27. Bg6 $14)
24... Be6 25. g4 (25. Nh4 Bxf5 26. Nxf5 Qe6 $17) 25... Bxf5 26. gxf5 (26. exf5
Qd7 $19) 26... Qb7 $1 {[%mdl 256] The exchange sacrifice is not without it's
poison, but black still has a tromph or two in the active defense.} 27. Ng4 (
27. Qb3+ Kh7 28. e5 dxe5 29. Nxe5 Bd6 $19) 27... Nxe4 (27... Nxg4 28. hxg4 d5
29. e5 $40) 28. Bxh6 (28. Qb3+ d5 29. Rxe4 c4 30. Nxh6+ Kh8 31. Nf7+ Qxf7 32.
Rxe8 Rxe8 33. Qd1 Qh5 $19) 28... Nf6 (28... gxh6 $6 29. Rxe4 (29. Bxe4 d5 30.
Bxd5+ Nxd5 31. Qxd5+ Qxd5 32. Nf6+ Kf7 33. Nxd5 Rxe1+ 34. Nxe1 Rd8 $19) 29...
Qg7 30. Qe2 Rxe4 31. Qxe4 Ra7 $17) 29. Be3 (29. Nxf6+ gxf6 30. Bxf8 Rxe1+ (
30... Rxf8 31. Re4 Rfe8 32. Rg4+ $17) 31. Nxe1 Rxf8 32. Qxd6 Re8 33. Ng2 Qe7
$17) 29... Nxg4 30. hxg4 Qd5 (30... d5 31. Ng5 $1 d4 32. Bd2 $17) 31. Nd2 (31.
Ng5 Qxd1 32. Rxd1 d5 33. Ne6 Rac8 $19) 31... c4 (31... bxa4 32. Be4 Rxe4 33.
Nxe4 Qxe4 34. Bxc5 Qxe1+ 35. Qxe1 dxc5 $19) 32. g5 (32. Be4 $5 Rxe4 33. Nxe4
Qxd1 (33... Qxe4 34. Bd2 Qd3 35. Bxb4 $11) 34. Rxd1 Nd3 35. b3 d5 36. Nc3 Rd8
$1 (36... bxa4 $6 37. Nxa4 Re8 $13) 37. axb5 (37. Bb6 Rd7 38. axb5 axb5 $17)
37... d4 38. Bg5 dxc3 39. Bxd8 c2 40. Rf1 cxb3 41. bxa6 Bc5 $19) 32... Nd3 {
The slowing of white's attack was successful, Grischuk does not have enough
compensation for the material.} 33. Bxd3 (33. Nb3 Qxf5 $19) 33... cxd3 34. Qg4
Re5 (34... bxa4 35. g6 Re5 36. Qh3 $132) 35. f6 (35. g6 Rxf5 $19) 35... Qe6 36.
Qg3 d5 37. Rc1 (37. g6 Qxf6 38. Nf3 Re4 39. axb5 Bd6 $19) 37... Bd6 38. Rc6 d4
39. f7+ (39. Nf3 Rxe3 40. fxe3 Qxe3+ 41. Qf2 Bg3 42. Qxe3 dxe3 $19) (39. Bf4
Re1+ 40. Kg2 Qd5+ 41. Qf3 Qxf3+ 42. Kxf3 Bxf4 43. Kxf4 Re2 $19) 39... Qxf7 (
39... Kxf7 40. Qf3+ Rf5 41. Rxd6 Rxf3 42. Rxe6 Rxe3 $19) 40. Rxd6 dxe3 $1 {
Black's counterplay is a cleear sign of the impending solution, white's
threats are still very foggy.} 41. Qxe5 (41. fxe3 Qe7 42. Rd7 Rxe3 43. Rxe7
Rxg3+ $19) 41... Re8 (41... Qxf2+ 42. Kh1 Qe1+ 43. Kg2 Qxd2+ 44. Kh3 Rf8 45.
Qd5+ Kh8 46. Qh1 Qf2 47. Kg4+ Kg8 $19) 42. Qxe3 (42. Qg3 e2 43. Nf3 d2 $1 44.
Rxd2 Qxf3 45. Qxf3 e1=Q+ 46. Kg2 Qxd2 $19) 42... Rxe3 43. fxe3 Qf5 44. g6 (44.
Rd4 bxa4 $19) (44. Rxa6 Qg4+ 45. Kf2 Qe2+ $19) 44... Qg4+ 45. Kf2 Qe2+ 46. Kg3
Kf8 {White has no real chance to hold this endgame as all his pawns are rather
vulnerable.} 47. Nf3 Qxe3 48. axb5 (48. Rxa6 d2 49. Rd6 Qe1+ $19) 48... axb5
49. b4 Ke7 50. Rd5 Ke6 51. Rd8 Kf5 52. Kg2 (52. Rd5+ Kxg6 53. Re5 Qb6 54. Rd5
Kh6 $19) 52... Kxg6 53. Rxd3 Qe2+ (53... Qxd3 $4 54. Ne5+ $18) 54. Kg1 Kh6 55.
Rd6+ g6 56. Rf6 (56. Nh2 Qe1+ 57. Nf1 Qxb4 $19) 56... Kg7 (56... Kg7 57. Rf4
Qe3+ $19) 0-1

[Event "Enghien les Bains 4th"]
[Site "Enghien les Bains"]
[Date "2001.04.16"]
[Round "5"]
[White "Lautier, Joel"]
[Black "Grischuk, Alexander"]
[Result "1-0"]
[WhiteElo "2658"]
[BlackElo "2668"]
[Annotator "Lautier,J"]
[PlyCount "137"]
[EventDate "2001.04.11"]
[EventType "tourn"]
[EventRounds "9"]
[EventCountry "FRA"]
[EventCategory "17"]
[SourceTitle "CBM 083"]
[Source "ChessBase"]
[SourceDate "2001.07.05"]
[SourceVersion "1"]
[SourceVersionDate "2001.07.05"]
[SourceQuality "1"]

1. d4 d5 2. c4 e6 3. Nc3 c5 4. cxd5 exd5 5. Nf3 Nc6 6. g3 Nf6 7. Bg2 Be7 8. O-O
O-O 9. Bg5 cxd4 10. Nxd4 h6 11. Be3 Re8 12. Qa4 Bd7 13. Rfd1 $1 Na5 (13... Nb4
14. Qb3 a5 15. a4 $14 (15. Nxd5 $5)) 14. Qc2 Nc4 (14... Rc8 15. Nf5 $14) 15.
Nxd5 $1 Nxd5 16. Bxd5 Nxe3 17. fxe3 Bf6 $6 (17... Qb6 18. Qb3 $14) (17... Bg5
18. e4 Qb6 19. Qb3 Qxb3 20. axb3 $14) 18. Qb3 $6 (18. Bxb7 $1 {(Grischuk)} Rxe3
(18... Rb8 $2 19. Nc6 $18) (18... Qe7 19. Bxa8 Qxe3+ 20. Kh1 Rxa8 21. Qd3 Qe7
22. Rac1 Bg4 $16) 19. Bxa8 Qxa8 20. Rac1 (20. Nf3 Bh3 21. Rac1 (21. Rd6 Bd8 22.
Kf2 Re7 $132) 21... Re8 {->> 20.Rac1}) 20... Re8 (20... Bh3 21. Qc6) 21. Nf3
Bh3 22. Rd6 $16) 18... Qe7 19. e4 Bg4 20. Rac1 Red8 (20... Rad8 21. Nf5 Bxf5
22. exf5 Bg5 (22... Qxe2 $2 23. Bxf7+ Kh8 24. Bxe8 $18) (22... Rd7 $2 23. Bxf7+
$18) 23. Rc2 Be3+ 24. Kg2 Kh8 25. Rd3 $14) (20... Rac8 $1 21. Nf3 (21. Nf5 $6
Bxf5 22. exf5 Rxc1 23. Rxc1 Qxe2 24. Qxb7 (24. Bxf7+ Kf8 25. Bxe8 $4 Bd4+ $19)
24... Re7 $40) (21. Rxc8 Rxc8 22. Qxb7 Qxb7 23. Bxb7 Rc4 $11) 21... b6 22. Kg2
(22. e5 Rxc1 23. Rxc1 Bxf3 24. exf3 (24. exf6 Bxd5 25. fxe7 Bxb3 26. axb3 Rxe7
$11) 24... Bxe5 $11) (22. Rxc8 Rxc8 23. e5 Bxf3 24. exf6 Qc5+ 25. Kf1 Bxd5 26.
Qxd5 (26. Rxd5 Qc1+ 27. Rd1 Qc6 28. Qf3 Qxf3+ 29. exf3 gxf6 $11) 26... Qxd5 27.
Rxd5 gxf6 28. Rd7 Rc2 $11) 22... Bh5 $132) 21. Nf3 $1 {/\ e5} (21. Nf5 Bxf5 22.
exf5 Qxe2 23. Qxb7 (23. Bxf7+ Kh8 $132) 23... Rab8 (23... Bg5 24. Re1 $16) 24.
Qxf7+ Kh8 25. b3 Qxa2 $14) 21... Bh5 $6 (21... Be6 22. Bxe6 (22. e5 Bxd5 23.
Rxd5 Rxd5 24. Qxd5 Rd8 25. Qc5 b6 26. Qxe7 Bxe7 27. Rc7 Bc5+ 28. Kg2 a5 $132 {
/\ Rd1}) 22... Qxe6 23. Qxe6 fxe6 24. e5 Be7 25. Kf1 $14 (25. Nd4 Rd5 26. Nxe6
Rxe5 27. Nf4 g5 28. Nd5 Rxe2 29. Rc7 Re8 30. Rxb7 Bc5+ 31. Kh1 Rf2 $44) (25.
Rxd8+ Bxd8 $14)) (21... Rd7 22. e5 Bg5 (22... Bxe5 23. Bxf7+ $16) 23. Rc4 (23.
Nxg5 hxg5 24. e6 fxe6 (24... Bxe6 25. Bxe6 fxe6 26. Rxd7 Qxd7 27. Rd1 Qe7 28.
Qe3 $14) 25. Bf3 Bxf3 26. exf3 Rxd1+ 27. Rxd1 Rc8 $11) 23... Be6 (23... Bxf3
24. exf3 Rad8 (24... Qxe5 $2 25. f4) 25. Bxf7+ $16 Qxf7 $2 26. Rxd7 Rxd7 27.
Rc8+ Kh7 28. e6 $18) 24. Rcd4 (24. e4 $14) 24... Bxd5 25. Rxd5 Rxd5 26. Rxd5
Rc8 27. Kg2 $14) 22. e5 $1 Bxe5 (22... Bg5 23. Rc3 $1 {/\ h4} (23. Nxg5 $6 Qxg5
(23... hxg5 $6 24. e6 fxe6 25. Bxe6+ Kh8 26. Rxd8+ Rxd8 27. g4 Re8 28. Bf5 $16)
24. Rf1 (24. e6 Bxe2 25. exf7+ Kh8 $132) 24... Rd7 $132) 23... Bxf3 (23... Qe8
24. Rc7 $16) 24. Rxf3 Qxe5 25. e4 $16) 23. Qxb7 Qxb7 24. Bxb7 Rxd1+ 25. Rxd1
Rb8 26. Nxe5 Rxb7 27. Rd2 $16 (27. g4 Rb5 (27... Re7 $4 28. Rd8+ Kh7 29. Nd7
$18) (27... f6 28. Rd8+ Kh7 29. gxh5 fxe5 30. b3 Rb5 31. Re8 $16) 28. Rd8+ Kh7
29. Re8 Bg6 (29... Bxg4 $6 30. Nxg4 Rg5 31. h3 h5 (31... f5 32. Re5 Kg6 33. Kf2
fxg4 34. Rxg5+ Kxg5 35. hxg4 Kxg4 36. b4 Kf5 37. a4 Ke5 38. b5 Kd5 39. a5 $18)
32. Re5 f5 33. Kf2 hxg4 34. hxg4 Rxg4 35. Rxf5 $16) 30. Nxg6 (30. b3 Bb1) 30...
Kxg6 31. b3 Ra5 (31... Rg5 32. h3 h5 33. Re4 $14) 32. a4 Rc5 $14) 27... f6 28.
Nc4 Rc7 29. b3 Kf8 30. Kf2 Bf7 31. Nd6 (31. Rd4 $5) 31... a5 32. Rd4 (32. Nxf7
Kxf7 33. Rd5 a4 34. bxa4 Rc4 35. a3 Rxa4 36. Rd3 Ke6 $14) 32... Rc5 33. Ra4 Bd5
34. Ke3 (34. e4 $1 Be6 (34... Bc6 35. Rc4 Rxc4 36. Nxc4 a4 37. bxa4 Bxe4 (37...
Bxa4 38. Ke3 $18) 38. Ke3 Bc6 39. a5 $18) 35. Ke3 $16 (35. Nb7 Rc2+ 36. Ke3
Rxh2 37. Rxa5 $16)) 34... Bc6 35. Rc4 Re5+ 36. Kd3 Bd7 37. Rd4 Ke7 38. Nc4 (38.
e4 Be6 39. Nc4 $16) 38... Rf5 39. Rf4 Rh5 40. h4 Rd5+ 41. Rd4 Rf5 42. Re4+ Kd8
43. a4 $1 {>< a5} g5 $2 44. Ne3 $2 (44. Nd6 Rf1 (44... Rd5+ 45. Rd4 $18) 45.
Nf7+ Kc7 46. Nxh6 $18) 44... Rf2 45. Rd4 Kc7 46. Rc4+ Kd6 47. Rd4+ Kc7 48. Nd5+
Kc6 49. Ke3 Rf1 50. b4 axb4 51. Nxb4+ Kc7 52. Na6+ $6 (52. a5 $142 $16) 52...
Kc8 53. Rc4+ (53. Nc5 Bc6 54. Rc4 Kd8 55. a5 Rg1) 53... Kd8 54. Nc5 Ke7 55. Rb4
$6 $138 (55. a5 $142) 55... Rc1 (55... Bc6 $5 $132) 56. Re4+ Kd8 $2 $138 (56...
Kd6 $1 57. Nxd7 (57. Rd4+ Kxc5 58. Rxd7 Rc3+ 59. Kf2 Ra3 60. h5 Rxa4 61. Rh7
Kd5 62. Rxh6 Ke6 63. Rh7 Kf5 64. Rg7 (64. Rb7 Kg4 65. h6 Kh5 66. h7 Ra8 67. Kf3
Kg6 $11) 64... Kg4 65. h6 Ra8 66. h7 Rh8 $11 {/\ Kh5-h6}) 57... Kxd7 $14) 57.
Kd4 $1 $16 Bf5 58. Re3 gxh4 59. gxh4 Rh1 $6 60. Kd5 $40 Rxh4 61. a5 Rh1 62. a6
Ra1 (62... Kc7 63. Re7+ Kb8 64. e4 $1 (64. Rb7+ Ka8 65. Na4 Be4+ $1) 64... Bc8
(64... Rd1+ 65. Kc6 Bg6 66. Nd7+ $18) (64... Bh3 65. Rb7+ Ka8 66. Na4 $18) 65.
a7+ Ka8 66. Re8 $18) 63. Kc6 {/\ Nb7} Bg6 (63... Bc8 64. Nb7+ Bxb7+ 65. axb7
Rc1+ 66. Kb6 Rb1+ 67. Ka7 Ra1+ 68. Kb8 $18 {/\ Rh3}) 64. Kb7 Rb1+ 65. Rb3 Rxb3+
(65... Be4+ 66. Kb8) 66. Nxb3 Be4+ 67. Kb8 h5 68. Nc5 Bd5 69. Nb7+ 1-0

[Event "Enghien les Bains 4th"]
[Site "Enghien les Bains"]
[Date "2001.04.18"]
[Round "7"]
[White "Bauer, Christian"]
[Black "Grischuk, Alexander"]
[Result "0-1"]
[WhiteElo "2612"]
[BlackElo "2668"]
[Annotator "Tyomkin,D"]
[PlyCount "44"]
[EventDate "2001.04.11"]
[EventType "tourn"]
[EventRounds "9"]
[EventCountry "FRA"]
[EventCategory "17"]
[SourceTitle "CBM 083"]
[Source "ChessBase"]
[SourceDate "2001.07.05"]
[SourceVersion "1"]
[SourceVersionDate "2001.07.05"]
[SourceQuality "1"]

1. d4 d5 2. c4 e6 3. Nc3 c6 4. e3 f5 5. Bd3 Nf6 6. Qc2 a6 7. Nge2 Bd6 8. f3 O-O
9. O-O {In the following game white led in interesting plan with lon castle,
but Grischuk found a way to equalize;} (9. Bd2 b6 10. O-O-O Kh8 11. e4 fxe4 12.
fxe4 dxc4 13. Bxc4 e5 14. Rhf1 b5 15. Bb3 Qe7 16. dxe5 Bxe5 17. Bf4 a5 $11 {
1/2-1/2 Kosyrev,V-Grischuk,A/Elista 2000/CBM 79 (31)}) 9... b6 {While Grischuk
played his first game with Akopian, he even didn't think about b6 move (as you
can find out in his annotations to that game- he has checked all logical moves,
except 9...b6); Then he tried this move against Chernin, and got equal play.
In current game, he shows an improvement of his game against Chernin; 9...b6
move prevents c4-c5 ideas of white (c4-c5 and then to prepare e3-e4- white
gets advantage in space that way), as it was shown by Akopian.} (9... Kh8 $5 {
1-0 Akopian,V-Grischuk,A/Ubeda 75/70 1999/Inf 75/[Grischuk,A] (54)}) 10. Bd2
Qc7 $146 {Another improvement of the line is introduced by Grischuk;} (10...
Kh8 11. Rad1 Qc7 12. cxd5 cxd5 (12... Bxh2+ 13. Kh1 cxd5 14. f4 Ng4 15. Rf3 {
[%cal Gg2g3,Gh1g2,Yd1h1] and Bh2 has no way to escape;}) 13. h3 Nc6 14. a3 Bb7
15. e4 dxe4 16. fxe4 e5 17. Nd5 Nxd5 18. exd5 Nxd4 19. Qxc7 Bxc7 20. Nxd4 {
1/2-1/2 Chernin,A-Grischuk,A/Batumi 1999/CBM 74 (20)}) 11. h3 c5 $1 {That's
the point; Black doesn't need Kh8-move so much now;} 12. dxc5 (12. cxd5 $4 c4 {
[%csl Rd3]}) 12... bxc5 13. Na4 (13. Rad1 Nc6 {[%cal Gc6b4]} 14. a3 Ne5 $1 $15
(14... d4 15. exd4 cxd4 16. Na4 $14) 15. cxd5 $140 c4 $19) 13... Nc6 14. Rac1 (
14. cxd5 Nxd5 15. Nxc5 $140 Ncb4 $19) 14... Bd7 {Completing the development;}
15. cxd5 Nxd5 {[%cal Gc6b4,Gc6e5]} 16. Bc4 (16. Nxc5 Ncb4 17. Nxd7 Nxc2 18.
Nxf8 Rxf8 19. Rxc2 Qb6 $17) (16. a3 Ne5 $17) 16... Ne5 $15 {Black dominates in
the centre;} 17. Bxd5 exd5 18. Nf4 (18. Nxc5 Bb5 19. Nd4 (19. Rf2 Rac8 {
[%cal Re5d3]} 20. b4 Nd3 $17) 19... Bxf1 20. Kxf1 Rac8 $17) 18... Bb5 19. Rfd1
(19. Ne6 Qc6 20. Nxf8 Bd3 $1 $15 (20... Bxa4 21. b3 Bb5 22. Ne6 $11)) 19... Qf7
20. Be1 $4 {Black's position is better, but white could stand the pressure for
a while by accurate defense;} (20. Nxc5 Rac8 21. b4 Rfe8 $1 {[%cal Rd6c5,Yg7g5]
black has dangerous threts here; the main one is to trap the knight f4 by
g7-g5;} (21... Bxc5 22. bxc5 g5 {[%csl Rf4]} 23. Bc3 $1 gxf4 (23... Rxc5 24.
Qd2 gxf4 25. Bxe5 fxe3 $14) 24. Bxe5 fxe3 25. Qb3 {[%csl Rd5,Re3] and white is
better;})) (20. Nb6 Rab8 21. Nfxd5 (21. Nbxd5 g5 $17 {[%csl Rd5,Rf4]}) 21...
Nxf3+ $1 (21... Bd3 22. Qc3 Nxf3+ $1 23. gxf3 Qg6+ 24. Kh1 Qg3 $19) 22. gxf3
Qg6+ 23. Kh1 Be2 $19) (20. Nc3 $142 d4 21. exd4 cxd4 22. Nxb5 axb5 $15) 20...
d4 $1 {[%csl Ye3,Rf4] Weakening the outpost f4, and dark squares on white's
kingside;} 21. Nb6 (21. b3 Rae8 $17 {[%cal Re5f3,Rg7g5] and same ideas like in
the game;}) (21. exd4 Nxf3+ 22. gxf3 Bxf4 $17) 21... Rae8 {All is prepared for
the final action; Nxf3 blow is in the air;} 22. b4 $2 {Final mistake. Black
decides the game by following blow;} (22. Bg3 Nxf3+ (22... d3 23. Qc3 Rb8 24.
Nbd5 c4 $17 {[%cal Rg7g5]} (24... g5 $6 25. Nxd3 $13)) 23. gxf3 Rxe3 $17 {
[%cal Rd6f4]}) {[%tqu "En","Find the last move of this game;","","","e5f3","",
10,"e5f3","",0]} 22... Nxf3+ (22... Nxf3+ 23. gxf3 Bxf4 24. exf4 Re2 $19 {
[%cal Gf7g6]}) 0-1

[Event "RUS-chT 08th Group1"]
[Site "Tomsk"]
[Date "2001.05.13"]
[Round "1"]
[White "Grischuk, Alexander"]
[Black "Malaniuk, Vladimir P"]
[Result "0-1"]
[WhiteElo "2667"]
[BlackElo "2511"]
[PlyCount "64"]
[EventDate "2001.05.13"]
[EventType "team-tourn"]
[EventRounds "5"]
[EventCountry "RUS"]
[SourceTitle "EXT 2020"]
[Source "ChessBase"]
[SourceDate "2019.10.17"]
[SourceVersion "1"]
[SourceVersionDate "2019.10.17"]
[SourceQuality "1"]
[WhiteTeam "Norilsk Norilsky Nikel"]
[BlackTeam "Maykop Universitet"]
[WhiteTeamCountry "RUS"]
[BlackTeamCountry "RUS"]

1. e4 e5 2. Nf3 Nc6 3. Bc4 Nf6 4. Ng5 d5 5. exd5 Na5 6. Bb5+ c6 7. dxc6 bxc6 8.
Be2 h6 9. Nh3 g5 10. d3 Bg7 11. Nc3 O-O 12. Ng1 Nb7 13. Nf3 Nd5 14. O-O Nd6 15.
Ne4 f5 16. Nxd6 Qxd6 17. Nd2 g4 18. Re1 Ba6 19. Bf1 Qg6 20. g3 Rad8 21. c4 Nb4
22. d4 Rxd4 23. Qa4 c5 24. Nb3 Nc2 25. Nxd4 Nxd4 26. Bg2 f4 27. Bd5+ Kh8 28.
Be4 Nf3+ 29. Bxf3 gxf3 30. Bd2 Qg4 31. Kh1 fxg3 32. Qxa6 Qh3 0-1

[Event "RUS-chT 08th Group1"]
[Site "Tomsk"]
[Date "2001.05.14"]
[Round "2"]
[White "Balashov, Yuri S"]
[Black "Grischuk, Alexander"]
[Result "1/2-1/2"]
[WhiteElo "2581"]
[BlackElo "2667"]
[PlyCount "88"]
[EventDate "2001.05.13"]
[EventType "team-tourn"]
[EventRounds "5"]
[EventCountry "RUS"]
[SourceTitle "EXT 2020"]
[Source "ChessBase"]
[SourceDate "2019.10.17"]
[SourceVersion "1"]
[SourceVersionDate "2019.10.17"]
[SourceQuality "1"]
[WhiteTeam "Novokuznetsk"]
[BlackTeam "Norilsk Norilsky Nikel"]
[WhiteTeamCountry "RUS"]
[BlackTeamCountry "RUS"]

1. e4 e5 2. Nf3 Nc6 3. Bb5 a6 4. Ba4 Nf6 5. O-O Bc5 6. d3 d6 7. c3 O-O 8. Be3
Bxe3 9. fxe3 Ne7 10. Nbd2 Ng6 11. Qe2 c6 12. h3 Qe7 13. Rf2 d5 14. exd5 cxd5
15. d4 e4 16. Nh2 Be6 17. Bb3 Rac8 18. Raf1 b5 19. a4 Rb8 20. Ra1 Ne8 21. axb5
axb5 22. Qh5 f5 23. Ra6 Nd6 24. g3 Kh8 25. Bd1 b4 26. Nb3 bxc3 27. bxc3 Bf7 28.
Qe2 Be8 29. Qe1 Bb5 30. Ra1 Rf6 31. Nc5 Nf8 32. Rb1 Nd7 33. Rfb2 Rff8 34. h4 h6
35. Qf2 Rfc8 36. Be2 Bxe2 37. Rxb8 Nxb8 38. Qxe2 Nd7 39. Na4 Rc4 40. Rb4 Kh7
41. Qf2 Rc6 42. Kg2 Qf6 43. Qf4 Ra6 44. Nf1 Nc4 1/2-1/2

[Event "RUS-chT 08th Group1"]
[Site "Tomsk"]
[Date "2001.05.15"]
[Round "3"]
[White "Grischuk, Alexander"]
[Black "Vladimirov, Yevgeniy"]
[Result "1/2-1/2"]
[WhiteElo "2667"]
[BlackElo "2612"]
[PlyCount "73"]
[EventDate "2001.05.13"]
[EventType "team-tourn"]
[EventRounds "5"]
[EventCountry "RUS"]
[SourceTitle "EXT 2020"]
[Source "ChessBase"]
[SourceDate "2019.10.17"]
[SourceVersion "1"]
[SourceVersionDate "2019.10.17"]
[SourceQuality "1"]
[WhiteTeam "Norilsk Norilsky Nikel"]
[BlackTeam "Tomsk 400"]
[WhiteTeamCountry "RUS"]
[BlackTeamCountry "RUS"]

1. e4 e5 2. Nf3 Nc6 3. Bb5 a6 4. Ba4 Nf6 5. O-O Be7 6. Re1 b5 7. Bb3 O-O 8. c3
d6 9. h3 Nb8 10. d4 Nbd7 11. Nbd2 Bb7 12. Bc2 Re8 13. Nf1 Bf8 14. Ng3 g6 15. a4
Bg7 16. d5 Qb8 17. b3 c6 18. c4 bxc4 19. bxc4 a5 20. Be3 Qc7 21. Ne2 Ba6 22.
Nd2 Reb8 23. Rc1 Rb4 24. Nc3 cxd5 25. exd5 Bxc4 26. Bxg6 hxg6 27. Nb5 Qb7 28.
Nxc4 Qxd5 29. Qe2 Rc8 30. Rcd1 Qxc4 31. Rc1 d5 32. Rxc4 Rcxc4 33. Qd1 Rb2 34.
Qa1 Rbb4 35. Qd1 Rb2 36. Qa1 Rbb4 37. Qd1 1/2-1/2